Social work: an integrated approach (Record no. 173812)
[ view plain ]
| 000 -LEADER | |
|---|---|
| fixed length control field | 00590nam a2200217Ia 4500 |
| 003 - CONTROL NUMBER IDENTIFIER | |
| control field | OSt |
| 005 - DATE AND TIME OF LATEST TRANSACTION | |
| control field | 20230615095240.0 |
| 008 - FIXED-LENGTH DATA ELEMENTS--GENERAL INFORMATION | |
| fixed length control field | 210423s2003 xx 000 0 und d |
| 040 ## - CATALOGING SOURCE | |
| Transcribing agency | AL |
| 041 ## - LANGUAGE CODE | |
| Language code of text/sound track or separate title | eng |
| 082 ## - DEWEY DECIMAL CLASSIFICATION NUMBER | |
| Classification number | 361.3 BHAS |
| Edition number | 23 |
| 100 ## - MAIN ENTRY--PERSONAL NAME | |
| Personal name | BATTACHARYA (Sanjay) |
| 9 (RLIN) | 120496 |
| 245 ## - TITLE STATEMENT | |
| Title | Social work: an integrated approach |
| 260 ## - PUBLICATION, DISTRIBUTION, ETC. | |
| Name of publisher, distributor, etc. | Deep and deep publication |
| Date of publication, distribution, etc. | 2003 |
| 300 ## - PHYSICAL DESCRIPTION | |
| Extent | 162 |
| Other physical details | PB |
| 365 ## - TRADE PRICE | |
| Price amount | 320 |
| Currency code | INR |
| 650 ## - SUBJECT ADDED ENTRY--TOPICAL TERM | |
| Topical term or geographic name entry element | Social Problems & Services |
| 9 (RLIN) | 120497 |
| 650 ## - SUBJECT ADDED ENTRY--TOPICAL TERM | |
| Topical term or geographic name entry element | Social Work |
| 9 (RLIN) | 120498 |
| 906 ## - LOCAL DATA ELEMENT F, LDF (RLIN) | |
| a | an ; approach ; integrated ; Social ; work: |
| 942 ## - ADDED ENTRY ELEMENTS (KOHA) | |
| Source of classification or shelving scheme | Dewey Decimal Classification |
| Koha item type | Book |
| Withdrawn status | Lost status | Damaged status | Not for loan | Collection code | Home library | Current library | Date acquired | Source of acquisition | Cost, normal purchase price | Total Checkouts | Full call number | Barcode | Date last seen | Date last checked out | Price effective from | Koha item type | Total Renewals |
|---|---|---|---|---|---|---|---|---|---|---|---|---|---|---|---|---|---|
| MSW | St Aloysius PG Library | St Aloysius PG Library | 12/08/2003 | Book World | 320.00 | 1 | 361.3 BHAS | PG020463 | 10/18/2023 | 10/09/2023 | 04/26/2021 | Book | |||||
| MSW | St Aloysius PG Library | St Aloysius PG Library | 07/28/2008 | Book World | 380.00 | 361.3 BHAS | PG021857 | 08/24/2022 | 04/26/2021 | Book | |||||||
| MSW | St Aloysius PG Library | St Aloysius PG Library | 07/28/2008 | Book World | 380.00 | 1 | 361.3 BHAS | PG021858 | 01/13/2025 | 01/06/2025 | 04/26/2021 | Book | |||||
| MSW | St Aloysius PG Library | St Aloysius PG Library | 07/28/2008 | Book World | 380.00 | 3 | 361.3 BHAS | PG021859 | 01/15/2025 | 01/06/2025 | 04/26/2021 | Book | |||||
| MSW | St Aloysius PG Library | St Aloysius PG Library | 07/28/2008 | Book World | 380.00 | 3 | 361.3 BHAS | PG021860 | 04/01/2026 | 03/23/2026 | 04/26/2021 | Book | |||||
| MSW | St Aloysius PG Library | St Aloysius PG Library | 06/22/2011 | Book World | 380.00 | 9 | 361.3 BHAS | PG022540 | 03/31/2026 | 03/21/2026 | 04/26/2021 | Book | 2 | ||||
| MSW | St Aloysius PG Library | St Aloysius PG Library | 06/22/2011 | Book World | 380.00 | 5 | 361.3 BHAS | PG022541 | 02/10/2026 | 01/21/2026 | 04/26/2021 | Book | 1 | ||||
| MSW | St Aloysius PG Library | St Aloysius PG Library | 01/19/2017 | Biblios Book Point | 980.00 | 11 | 361.3 BHAS | PG023214 | 08/11/2025 | 08/01/2025 | 04/26/2021 | Book | 2 | ||||
| MSW | St Aloysius PG Library | St Aloysius PG Library | 01/19/2017 | Biblios Book Point | 980.00 | 8 | 361.3 BHAS | PG023215 | 02/17/2024 | 02/07/2024 | 04/26/2021 | Book |